Export Business and Law

Detalles Bibliográficos
Autor principal: Ahmed, Rukhsar
Formato: eBook
Lenguaje:inglés
Publicado: Islamabad: Lambert Academic Publishing, 2019
Materias:
Acceso en línea:Acceso restringido

MARC

LEADER 00000nam a22000007a 4500
005 2019091906266.0
007 cr|||| ||||
008 190919s2019 pk |||||s|||| 00||0 eng d
020 |a 9786200112972 
035 |a 29435 
040 |a vLex 
090 |c 9576  |d 9576 
100 1 |a Ahmed, Rukhsar 
245 1 0 |a Export Business and Law  |h [Recurso electrn̤ico] /  |c Rukhsar Ahmed 
256 |a Servicio en ln̕ea 
260 |a Islamabad:  |b Lambert Academic Publishing,  |c 2019 
300 |a 1 recurso electrn̤ico 
500 |a The choice of a product or products you want to export determines your future presence in the international market. The choice of a wrong product, unacceptable to product customers in the target market, will force you out of international business in little time. Therefore, the key issue that confronts you when you get down drawing up your international business strategy is the choice of the product(s) you will market abroad. It is the most critical issue in your international market planning process because it can make or break a prospective exporter/exporting company. The answer to the question of acceptable product selection for export largely hinges on the choice of the target market. Unless the product being intended to export matches the requirements of the target market, the business person cannot hope to succeed there. 
506 1 |a Disponible solo en los productos indicados  |d vLex Global  |d vLex Global (Academic Edition, excluding Law Schools)  |d vLex Global (U.S. Academic Edition, Law Schools)  |d vLex Global (U.S. Academic Edition, excluding Law Schools)  |d vLex Global (Academic Edition, Law Schools) 
650 0 4 |a Derecho Pb︢lico y Administrativo  |z Pakistǹ 
740 0 |a vLex Libros (Servicio en ln̕ea) 
856 4 0 |u http://vlex.com/source/29435  |z Acceso restringido 
942 |c BOOK 
999 0 |a Public and Administrative Law